| 000 | 00698nam a2200241Ia 4500 | ||
|---|---|---|---|
| 003 | OSt | ||
| 005 | 20220918223325.0 | ||
| 006 | a|||||r|||| 00| 0 | ||
| 007 | ta | ||
| 008 | 220917b |||||||| |||| 00| 0 eng d | ||
| 024 | _a221,934 | ||
| 037 | _cTextual | ||
| 040 |
_aARTS _cARTS _beng |
||
| 041 |
_2eng _aeng |
||
| 082 | _aY:1v20a436, P1 | ||
| 100 |
_aBachchan Kumar Ed. _9145472 |
||
| 245 | 0 |
_aGlimpses of early Indo-Indonesian culture _b Collected papers of Himansu Bhusan Sarkar |
|
| 260 |
_aNew Delhi _bAryan books int. _c2001 |
||
| 300 |
_a313p _ccm. |
||
| 650 | _aSOCIOLOGY | ||
| 942 |
_hY:1v20a436, P1 _cTEXL _2CC |
||
| 999 |
_c278129 _d278129 |
||